书目信息 |
| 题名: |
迷药
|
|
| 作者: | 米勒 著 ;离尘翻译社 译 | |
| 分册: | ||
| 出版信息: | 北京 东方出版社 2007 |
|
| 页数: | 271页 | |
| 开本: | 21×18cm | |
| 丛书名: | ||
| 单 册: | ||
| 中图分类: | R979.9 | |
| 科图分类: | ||
| 主题词: | 致幻药 , 致幻药--基本知识 | |
| 电子资源: | ||
| ISBN: | 978-7-5060-1726-8 | |
| 000 | 00909nam0 2200277 450 | |
| 001 | 002483962 | |
| 005 | 20070805094225.26 | |
| 010 | @a978-7-5060-1726-8@dCNY39.80 | |
| 100 | @a20031023d2007 em y0chiy0110 ea | |
| 101 | 1 | @achi@ceng |
| 102 | @aCN@b110000 | |
| 105 | @aa z 000yy | |
| 200 | 1 | @a迷药@9mi yao@e植物王国的奥秘@f(美)迈克·米勒著@g离尘翻译社译 |
| 210 | @a北京@c东方出版社@d2007 | |
| 215 | @a271页@c图@d21×18cm | |
| 300 | @a共和联动 | |
| 330 | @a本书讲述的是巫与奇的精神史。全书刻画精美,注解详细,全面披露了幻觉的历史,并运用科学和艺术审美原理加以诠释。 | |
| 510 | 1 | @aAphrodisiac@eDiscovery@zeng |
| 517 | 1 | @a植物王国的奥秘@9zhi wu wang guo de ao mi |
| 606 | 0 | @a致幻药 |
| 606 | 0 | @a致幻药@x基本知识 |
| 690 | @aR979.9@v4 | |
| 701 | 0 | @c(美)@a米勒@9mi le@c(药物学)@4著 |
| 712 | 02 | @a离尘翻译社@9li chen fan yi she@4译 |
| 801 | 0 | @aCN@bNLC@c20070805 |
| 905 | @a10447@dR979.9@e66 | |
| 迷药:植物王国的奥秘/(美)迈克·米勒著/离尘翻译社译.-北京:东方出版社,2007 |
| 271页:图;21×18cm |
| 共和联动 |
| ISBN 978-7-5060-1726-8:CNY39.80 |
| 本书讲述的是巫与奇的精神史。全书刻画精美,注解详细,全面披露了幻觉的历史,并运用科学和艺术审美原理加以诠释。 |
| ● |
| 相关链接 |
|
|
|
|
正题名:迷药
索取号:R979.9/66
 
预约/预借
| 序号 | 登录号 | 条形码 | 馆藏地/架位号 | 状态 | 备注 |
| 1 | 0807977 | 208079773 | 第二样本阅览室/ [索取号:R979.9/66] | 在馆 | |
| 2 | 0807978 | 208079782 | 教育系资料室/ [索取号:R979.9/66] | 在馆 | |
| 3 | 0807979 | 208079791 | 教育系资料室/ [索取号:R979.9/66] | 在馆 | |
| 4 | 0807980 | 208079808 | 第三借阅区/ [索取号:R979.9/66] | 在馆 | |
| 5 | 0807981 | 208079817 | 第三借阅区/ [索取号:R979.9/66] | 在馆 | |
| 6 | 0807982 | 208079826 | 教育系资料室/ [索取号:R979.9/66] | 在馆 | |
| 7 | 0807983 | 208079835 | 第三借阅区/ [索取号:R979.9/66] | 在馆 | |
| 8 | 0807984 | 208079844 | 第三借阅区/ [索取号:R979.9/66] | 在馆 | |
| 9 | 0807985 | 208079853 | 第三借阅区/ [索取号:R979.9/66] | 在馆 | |
| 10 | 0807986 | 208079862 | 教育系资料室/ [索取号:R979.9/66] | 在馆 |